Country Compass - Costa Rica - Statistics

General Stats
  • This quiz has been taken 8 times
  • The average score is 7 of 10
Answer Stats
Country % Correct
Mexico
100%
Peru
83%
United States
83%
Venezuela
83%
Brazil
67%
Antigua and Barbuda
50%
Dominica
50%
Saint Lucia
50%
Trinidad and Tobago
50%
France (Guadeloupe & Martinique)
33%
No matching quizzes found
Score Distribution
Percent of People with Each Score
Percentile by Number Answered
Your Score History
You have not taken this quiz